| 000 | 00334nam a22001337a 4500 | ||
|---|---|---|---|
| 003 | OSt | ||
| 005 | 20231124214221.0 | ||
| 008 | 231124b |||||||| |||| 00| 0 eng d | ||
| 040 | _cCO-JMCR | ||
| 082 |
_aC / _bMEAd |
||
| 100 |
_aMeans David _eautor _942942 |
||
| 245 |
_aInstrucciones para un funeral / _cDavid Means |
||
| 942 |
_2ddc _cBK |
||
| 999 |
_c30338 _d16722 |
||